000 00935nam a2200253 a 4500
001 12413
003 BD-JhCC
005 20250727115524.0
008 220213b2020 bg a|||| ||a| 000 0 ben d
020 _a9789844360679
035 _a(BD-JhCC)12413
040 _aBD-JhCC
_dBD-JhCC
041 _aBengali
082 _a130
_bMAH 2020
100 _aমাহমুদ, আব্দুল্লাহ ইবনে
245 _aঅতিপ্রাকৃতের সন্ধানে /
_cআব্দুল্লাহ ইবনে মাহমুদ, সম্পা: মুহাইমিনুল ইসলাম অন্তিক।
260 _aঢাকা :
_bছায়াবীথি;
_c২০২০.
300 _a272 p. :
_bill;
_c22 cm.
650 _aParapsychology
650 _aSupernatural
700 _a অন্তিক,মুহাইমিনুল ইসলাম
942 _2ddc
_cBK
_06
999 _c12413
_d12413